Préfectures françaises les plus proches de pays frontaliers - Statistiques

Statistiques générales
  • Ce quiz a été pris 13 145 fois
  • Le résultat moyen est 14 sur 25
Statistiques - réponses
Pays Distance Préfecture % Correct
Allemagne 0 km Strasbourg
97%
Belgique / Royaume-Uni 8,6 km / 123 km Lille
93%
Italie 18 km Nice
88%
Espagne 19 km Perpignan
80%
Allemagne / Belgique 33 km / 50 km Metz
77%
Suisse / Italie 18 km / 47 km Annecy
72%
Allemagne 65 km Nancy
71%
Espagne 46 km Pau
71%
Allemagne 8,5 km Colmar
69%
Suisse / Allemagne 17 km / 46 km Belfort
57%
Italie 57 km Gap
56%
Royaume-Uni 153 km Rouen
56%
Royaume-Uni 141 km Amiens
55%
Belgique / Royaume-Uni 43 km / 132 km Arras
53%
Suisse 44 km Besançon
52%
Belgique 5,4 km Charleville-Mézières
51%
Espagne 30 km Foix
48%
Espagne 49 km Tarbes
48%
Espagne 80 km Carcassonne
42%
Italie 52 km Digne-les-Bains
39%
Suisse 52 km Bourg-en-Bresse
37%
Suisse 42 km Lons-le-Saunier
34%
Belgique 53 km Laon
33%
Royaume-Uni 161 km Saint-Lô
33%
Italie 43 km Bastia
25%
Aucun quiz correspondant
Distribution des résultats
% des personnes avec chaque résultat
Percentile par nombre de réponses
Votre historique - résultats
Vous n’avez pas pris ce quiz